000
00330nam a2200157Ia 4500
100
_a
Bhattacharyya/A
650
_a
Physics
942
_c
BK
366
_f
25
245
_a
Engineering physics
260
_b
Oxford Higher Education
_c
2015
082
_a
530
_b
BHA
300
_a
959
546
_a
ENGLISH
_c
Computers
999
_c
23619
_d
23619